Fundamentals of marketing / (Record no. 129123)
[ view plain ]
| 000 -LEADER | |
|---|---|
| fixed length control field | 00832nam a22002657a 4500 |
| 005 - DATE AND TIME OF LATEST TRANSACTION | |
| control field | 20170124110051.0 |
| 010 ## - LIBRARY OF CONGRESS CONTROL NUMBER | |
| LC control number | A-372837 |
| 020 ## - INTERNATIONAL STANDARD BOOK NUMBER | |
| Terms of availability | 00.00 |
| International Standard Book Number | 00710003045 |
| 035 ## - SYSTEM CONTROL NUMBER | |
| System control number | A-372837 |
| 037 ## - SOURCE OF ACQUISITION | |
| Source of stock number/acquisition | Cen Lib/Ret |
| 040 ## - CATALOGING SOURCE | |
| Original cataloging agency | DPL |
| Language of cataloging | EN |
| 082 ## - DEWEY DECIMAL CLASSIFICATION NUMBER | |
| Classification number | 658.8 |
| Item number | STA |
| 100 ## - MAIN ENTRY--PERSONAL NAME | |
| Personal name | Stanton, William J. |
| 9 (RLIN) | 25478 |
| 245 ## - TITLE STATEMENT | |
| Title | Fundamentals of marketing / |
| Statement of responsibility, etc | by William J. Stanton [and] Charles Futrell |
| 250 ## - EDITION STATEMENT | |
| Edition statement | 8th ed |
| 260 ## - PUBLICATION, DISTRIBUTION, ETC. (IMPRINT) | |
| Place of publication, distribution, etc | New York |
| Name of publisher, distributor, etc | McGraw-Hill Book Company |
| Date of publication, distribution, etc | 1987 |
| 270 ## - ADDRESS | |
| City | New York |
| 300 ## - PHYSICAL DESCRIPTION | |
| Extent | xx, 666p. |
| Dimensions | 23cm(Hb) |
| 500 ## - GENERAL NOTE | |
| General note | Includes bibliographical references and index |
| 650 ## - SUBJECT ADDED ENTRY--TOPICAL TERM | |
| Topical term or geographic name as entry element | Marketing |
| 9 (RLIN) | 6818 |
| 650 ## - SUBJECT ADDED ENTRY--TOPICAL TERM | |
| Topical term or geographic name as entry element | Fundamental theory |
| 9 (RLIN) | 25479 |
| 650 ## - SUBJECT ADDED ENTRY--TOPICAL TERM | |
| Topical term or geographic name as entry element | चिकित्सा विज्ञान |
| 9 (RLIN) | 25480 |
| 700 ## - ADDED ENTRY--PERSONAL NAME | |
| Personal name | Futrell, Charles |
| 9 (RLIN) | 25460 |
| 942 ## - ADDED ENTRY ELEMENTS (KOHA) | |
| Source of classification or shelving scheme | Dewey Decimal Classification |
| Koha item type | English Books |
| Classification part | 658.8 |
| Call number suffix | STA |
| Withdrawn status | Lost status | Damaged status | Not for loan | Home library | Current library | Date acquired | Source of acquisition | Cost, normal purchase price | Total Checkouts | Full call number | Barcode | Date last seen | Copy number | Cost, replacement price | Price effective from | Koha item type |
|---|---|---|---|---|---|---|---|---|---|---|---|---|---|---|---|---|
| Central Library | Central Library | 04/07/2015 | Cen Lib/Ret | 0.00 | 658.8 STA | A-372837 | 04/07/2015 | 1 | 0.00 | 04/07/2015 | English Books |
